000 01552nam a22003977a 4500
003 CHAP
005 20220817044140.0
008 070131d2001 mx r 00010 spa d
010 _a93281
011 _a94253
020 _a9707200170
035 _a104838
040 _cCHAP
090 _aFolleto 17198
110 2 _aMéxico. Presidencia de la República
245 1 0 _aDiscurso del Presidente de la República, Vicente Fox, durante la presentación del Programa "Transparencia y Combate a la Corrupción en la Frontera Sur" el 5 de julio de 2001, México, D.F.
_c/por Presidencia de la República
260 _aMéxico, D.F. :
_bPresidencia de la República. Coordinación General de Opinión Pública e Imágen,
_c2001.
300 _a11 p.
590 _aBATCH-UPD
_b10
_c20130110
_lUCH01
_h0434
590 _aBATCH-UPD
_b10
_c20130410
_lUCH01
_h0110
590 _aBATCH-UPD
_b10
_c20130914
_lUCH01
_h1051
590 _aBATCH-UPD
_b10
_c20161124
_lUCH01
_h1713
590 _aCONVERSION
_b10
_c20130109
_lUCH01
_h1352
650 1 4 _aCorrupción administrativa.
_928273
650 1 4 _aDerechos humanos.
_931916
650 1 4 _aÉtica profesional.
_982781
650 1 4 _aFronteras
_xChiapas.
_943564
650 1 4 _aFronteras
_xMéxico.
_943567
650 1 4 _aMéxico
_xDiscursos, ensayos y conferencias.
_976740
650 1 4 _aPolítica social
_zMéxico.
651 4 _aMéxico
_xPolítica y gobierno.
_976783
901 _aBK
905 _aMarco A. Mendoza T.
942 _cFOLL
949 _aFolleto 17198
_bBC
_cFOLL
_d33724002012678
_eTS1
_gDonaciØn
_i104838
_sb
999 _c93281
_d93281